Chcete chrániť lesy? Kupujte certifikované obaly

Obal často rozhoduje o kúpe výrobku. Jeho poslaním už nie je len chrániť tovar a informovať spotrebiteľa, do popredia sa dostáva aj ekológia. Čo spotrebiteľovi napovie ich ekoznačka.

Gespeichert in:
Bibliographische Detailangaben
1. Verfasser: Hovorková, Daniela
Format: Buchkapitel
Sprache:Slowakisch
Schlagworte:
Tags: Tag hinzufügen
Keine Tags, Fügen Sie das erste Tag hinzu!

MARC

LEADER 00000naa a2200000 4500
001 0194706
005 20231208070327.4
041 0 |a slo 
044 |a SK 
245 1 0 |a Chcete chrániť lesy? Kupujte certifikované obaly  |c Daniela Hovorková 
520 |a Obal často rozhoduje o kúpe výrobku. Jeho poslaním už nie je len chrániť tovar a informovať spotrebiteľa, do popredia sa dostáva aj ekológia. Čo spotrebiteľovi napovie ich ekoznačka. 
610 2 0 |a drevo 
610 2 0 |a výrobky ekologické 
610 2 0 |a obaly 
100 1 |a Hovorková, Daniela